[Event "AUTO-OPEN-4306"]
[Site "http://www.queenalice.com/game.php?id=1769086"]
[Date "2021.9.8"]
[Round "1"]
[White "Pin"]
[Black "Chaorchess"]
[Result "1/2-1/2"]
[WhiteElo "2019"]
[BlackElo "1646"]

1. e4 e5 2. Nf3 Nf6 3. Nxe5 d6 4. Nf3 Nxe4 5. Nc3 Nxc3 6. dxc3 Nc6 7. Be3 Be7 8.
Qd2 O-O 9. O-O-O Re8 10. Nd4 Nxd4 11. cxd4 d5 12. Bd3 a6 13. h4 Bxh4 14. g3 Bf6
15. Bxh7+ Kf8 16. Bh6 Bg4 17. Rde1 Rxe1+ 18. Rxe1 gxh6 19. Qxh6+ Bg7 20. Qf4 Be6
21. Rxe6 Qd7 22. Re1 Qd6 23. Qxd6+ cxd6 24. c3 Bh6+ 25. Kc2 Kg7 26. Bd3 b5 27.
a3 Rb8 28. Kb3 Rd8 29. a4 bxa4+ 30. Kxa4 Rb8 31. Rb1 Kf6 32. Bxa6 Ke7 33. b4 Bd2
34. c4 dxc4 35. b5 c3 36. Kb3 Kd8 37. Kc2 Ke7 38. b6 d5 39. Bd3 Kd6 40. Ba6 Kc6
41. b7 f5 42. Bd3 f4 43. gxf4 Rxb7 44. Rxb7 Kxb7 45. f5 Kc7 46. Kd1 Kd6 47. Ke2
Ke7 48. Kf3 Kf6 49. Kg4 Be1 50. f4 Bd2 51. Bc2 Be1 52. Kf3 Bd2 53. Bd3 Bc1 54.
Bc2 Bd2 55. Bd3 Bc1 56. Bc2 Bd2 1/2-1/2

[Event "AUTO-OPEN-4306"]
[Site "http://www.queenalice.com/game.php?id=1769089"]
[Date "2021.9.8"]
[Round "1"]
[White "Chaorchess"]
[Black "Nunes"]
[Result "1-0"]
[WhiteElo "1605"]
[BlackElo "1781"]

1. d4 Nf6 2. c4 g6 3. Bg5 Bg7 4. Nc3 O-O 5. e4 d6 6. f4 c5 7. d5 Qb6 8. Nf3 e6
9. Be2 Qxb2 10. Qc1 Nxe4 11. Qxb2 Bxc3+ 12. Qxc3 Nxc3 13. Bd3 exd5 14. O-O f6
15. Bh4 d4 16. Nd2 Nc6 17. Bg3 f5 18. h3 Nb4 19. Bb1 Nxb1 20. Raxb1 Nxa2 21.
Rfe1 b6 22. Kh2 Bb7 23. Re7 Nc3 24. Rf1 Be4 25. Re1 Rfe8 26. Rd7 a5 27. Rxd6 a4
28. Rxb6 a3 29. Nb3 a2 30. h4 Rab8 31. Rxb8 Rxb8 32. Ra1 Rxb3 33. Be1 Bb1 34.
Bxc3 1-0

[Event "AUTO-OPEN-4306"]
[Site "http://www.queenalice.com/game.php?id=1769090"]
[Date "2021.9.8"]
[Round "1"]
[White "Nunes"]
[Black "Chaorchess"]
[Result "1-0"]
[WhiteElo "1866"]
[BlackElo "1524"]

1. e4 e5 2. Nf3 Nf6 3. Nxe5 d6 4. Nf3 Nxe4 5. Nc3 Nxc3 6. dxc3 Be7 7. Be3 O-O 8.
Qd2 Nc6 9. O-O-O Re8 10. h4 Bg4 11. Bd3 d5 12. Bd4 Nxd4 13. cxd4 Bxf3 14. gxf3
g6 15. h5 Bg5 16. f4 Bf6 17. hxg6 fxg6 18. f3 Bxd4 19. Qh2 Qe7 20. f5 Be3+ 21.
Kb1 d4 22. fxg6 h6 23. f4 Qg7 24. Rdf1 Rad8 25. Qxh6 Qxh6 26. Rxh6 Rf8 27. Rh7
Bxf4 28. Bc4+ 1-0

[Event "AUTO-OPEN-4307"]
[Site "http://www.queenalice.com/game.php?id=1769330"]
[Date "2021.9.10"]
[Round "1"]
[White "rafaelp"]
[Black "Chaorchess"]
[Result "1-0"]
[WhiteElo "2041"]
[BlackElo "1598"]

1. e4 e5 2. Nf3 Nf6 3. Nc3 Nc6 4. Be2 Bc5 5. O-O d6 6. Bb5 Bd7 7. Bxc6 Bxc6 8.
d3 d5 9. Nxe5 dxe4 10. Re1 O-O 11. Nxc6 bxc6 12. Nxe4 Nxe4 13. Rxe4 Qf6 14. d4
Bd6 15. c3 Rfe8 16. Rxe8+ Rxe8 17. Be3 Bf4 18. Bxf4 Qxf4 19. a4 Qd6 20. b4 a6
21. Qd3 Qe6 22. Qxa6 Qb3 23. Qxc6 Qe6 24. Qxe6 Rxe6 25. Kf1 1-0

[Event "AUTO-OPEN-4307"]
[Site "http://www.queenalice.com/game.php?id=1769331"]
[Date "2021.9.10"]
[Round "1"]
[White "Chaorchess"]
[Black "rafaelp"]
[Result "0-1"]
[WhiteElo "1598"]
[BlackElo "2063"]

1. e4 e5 2. Nf3 Nc6 3. Bb5 Nf6 4. O-O d6 5. d4 Bd7 6. dxe5 Nxe5 7. Nc3 c6 8.
Nxe5 dxe5 9. Bc4 Be7 10. Re1 O-O 11. h3 Bb4 12. Bd2 Bxc3 13. Bxc3 Re8 14. a4 b6
15. b4 h6 16. b5 cxb5 17. Bxb5 Bxb5 18. Qxd8 Raxd8 19. axb5 Rc8 20. Bd2 Rxc2 21.
Bb4 Rb2 22. Ra4 Rb3 23. Bd2 Ra8 24. f4 Rxb5 25. fxe5 Rxe5 26. Bc3 Re6 27. e5 Nd5
0-1

[Event "AUTO-OPEN-4307"]
[Site "http://www.queenalice.com/game.php?id=1769354"]
[Date "2021.9.10"]
[Round "1"]
[White "e4d4sf3"]
[Black "Chaorchess"]
[Result "1-0"]
[WhiteElo "2197"]
[BlackElo "1524"]

1. d4 Nf6 2. Bg5 Ne4 3. h4 Nxg5 4. hxg5 d5 5. e3 Nc6 6. c3 e5 7. f4 exd4 8. exd4
Be7 9. Bd3 f6 10. Qh5+ Kd7 11. g6 h6 12. Nd2 Kd6 13. O-O-O Rf8 14. Bf5 a5 15.
Ngf3 Bxf5 16. Qxf5 Qd7 17. Nh4 Qxf5 18. Nxf5+ Kd7 19. Rde1 Rg8 20. Nf1 b5 21.
N1g3 b4 22. Nh5 bxc3 23. bxc3 Bf8 24. Kc2 a4 25. Rb1 Ne7 26. Nxe7 Bxe7 27. Rhe1
f5 28. Re5 Raf8 29. Rxd5+ Bd6 30. c4 c6 31. Ra5 Bc7 32. Ra7 Rc8 33. Ng3 Rb8 34.
Rxb8 Rxb8 35. Nxf5 Rg8 36. d5 cxd5 37. cxd5 Rf8 38. Nxg7 Rxf4 39. Ne6 Rg4 40.
Rxc7+ Kd6 41. g7 Rxg2+ 42. Kd3 Rxa2 43. g8=Q Ra3+ 44. Kc4 h5 45. Qf8+ 1-0

[Event "AUTO-OPEN-4307"]
[Site "http://www.queenalice.com/game.php?id=1769355"]
[Date "2021.9.10"]
[Round "1"]
[White "Chaorchess"]
[Black "e4d4sf3"]
[Result "0-1"]
[WhiteElo "1518"]
[BlackElo "2183"]

1. e4 e5 2. Nf3 Nc6 3. Bb5 a6 4. Ba4 Nf6 5. O-O Be7 6. Re1 b5 7. Bb3 O-O 8. d4
d6 9. dxe5 Nxe5 10. Nxe5 dxe5 11. Qxd8 Rxd8 12. Nc3 Bb7 13. Bg5 c6 14. a4 h6 15.
Be3 b4 16. Ne2 Nxe4 17. Bb6 Re8 18. c3 Bc5 19. Bxc5 Nxc5 20. Bc4 bxc3 21. Nxc3
a5 22. Rab1 Ba6 23. Bxa6 Nxa6 24. Ne4 Rad8 25. Rec1 Rd4 26. Rxc6 Rxe4 27. Rxa6
Rxa4 28. b4 Rxb4 29. Ra1 Reb8 30. h3 Rb1+ 31. Rxb1 Rxb1+ 32. Kh2 Ra1 33. Kg3 a4
34. Kg4 f6 35. f4 exf4 36. Kxf4 Kf7 37. Kg3 g5 38. Ra7+ Kg6 39. h4 gxh4+ 40.
Kxh4 a3 41. g4 a2 42. Ra5 Rh1+ 43. Kg3 a1=Q 44. Rxa1 Rxa1 0-1

[Event "AUTO-OPEN-4307"]
[Site "http://www.queenalice.com/game.php?id=1769370"]
[Date "2021.9.10"]
[Round "1"]
[White "Chaorchess"]
[Black "clovis"]
[Result "0-1"]
[WhiteElo "1671"]
[BlackElo "2142"]

1. e4 e5 2. Nf3 Nc6 3. Bb5 f5 4. d3 fxe4 5. dxe4 Nf6 6. O-O Bc5 7. Re1 d6 8. Nc3
O-O 9. Be3 Bg4 10. Bxc5 Bxf3 11. Qxf3 dxc5 12. Rad1 Nd4 13. Bc4+ Kh8 14. Qd3 Ng4
15. Ne2 Nxf2 16. Qd2 Nxd1 17. Rxd1 Nxe2+ 18. Qxe2 Qf6 19. h3 Rad8 20. Re1 Qf4
21. Qe3 Qxe3+ 22. Rxe3 Rd2 23. Rc3 Rff2 24. Bb3 Rxg2+ 25. Kf1 b6 26. Rf3 g6 27.
Rf8+ Kg7 28. Rf7+ Kh6 29. Rxc7 Rxc2 30. Bxc2 Rxc2 31. Rxa7 Rxb2 32. a4 Rb4 33.
a5 bxa5 34. Rxa5 Rxe4 35. Rxc5 Kg5 36. Kg2 Kf4 37. Rc8 Re2+ 38. Kf1 Rh2 39. Rf8+
Ke3 40. Re8 e4 41. Kg1 Rxh3 42. Kg2 Rh5 43. Kg3 Rf5 44. Rh8 h5 45. Rg8 g5 46.
Rg7 h4+ 47. Kg4 Ra5 48. Re7 Kd3 49. Rd7+ Ke2 50. Re7 e3 51. Re8 Kd2 52. Kf3 Rf5+
53. Kg4 Rf1 54. Kxg5 e2 55. Rxe2+ Kxe2 56. Kxh4 Rg1 57. Kh3 Kf3 0-1

[Event "AUTO-OPEN-4307"]
[Site "http://www.queenalice.com/game.php?id=1769371"]
[Date "2021.9.10"]
[Round "1"]
[White "clovis"]
[Black "Chaorchess"]
[Result "1-0"]
[WhiteElo "2088"]
[BlackElo "1500"]

1. e4 e5 2. Bc4 Nf6 3. Nc3 c6 4. Nf3 d5 5. exd5 cxd5 6. Bb5+ Bd7 7. Nxe5 Bxb5 8.
Nxb5 Nc6 9. d4 Qa5+ 10. Nc3 Bb4 11. O-O Nxe5 12. dxe5 Bxc3 13. exf6 Bxf6 14.
Re1+ Be7 15. Bd2 Qd8 16. Bb4 1-0

[Event "AUTO-INT-3702"]
[Site "http://www.queenalice.com/game.php?id=1769906"]
[Date "2021.9.15"]
[Round "1"]
[White "Carlos19"]
[Black "Chaorchess"]
[Result "0-1"]
[WhiteElo "1440"]
[BlackElo "1585"]

1. e4 e5 2. Nf3 Nf6 3. Nc3 Nc6 4. Bc4 Bc5 5. O-O O-O 6. d3 d6 7. h3 Na5 8. Nd5
Nxc4 9. dxc4 Nxe4 10. b3 c6 11. Ne3 a6 12. Qd3 Nf6 13. a4 e4 14. Qe2 d5 15. Rd1
exf3 16. Qxf3 Bxe3 17. Qxe3 Bf5 18. c3 Re8 19. Qf4 Be6 20. Qd4 dxc4 21. Qxd8
Raxd8 22. Rxd8 Rxd8 23. b4 b5 24. axb5 axb5 25. Bg5 Rd3 26. Ra3 h6 27. Bxf6 gxf6
28. f4 Rd1+ 29. Kh2 Rf1 30. Ra8+ Kg7 31. Kg3 Bd5 32. Kh2 Rxf4 33. g3 Rf2+ 34.
Kg1 Rg2+ 35. Kf1 Rxg3 36. h4 Rxc3 37. h5 Rb3 38. Ke1 Rxb4 39. Ra3 Rb3 40. Ra2 c3
41. Kd1 Rb1+ 42. Kc2 Bxa2 43. Kxc3 Rg1 44. Kd4 Re1 45. Kc5 f5 46. Kxc6 f4 0-1

[Event "AUTO-INT-3702"]
[Site "http://www.queenalice.com/game.php?id=1769907"]
[Date "2021.9.15"]
[Round "1"]
[White "Chaorchess"]
[Black "Carlos19"]
[Result "0-1"]
[WhiteElo "1619"]
[BlackElo "1557"]

1. e4 e5 2. Nf3 Nc6 3. Bb5 d6 4. O-O Bd7 5. d4 Nxd4 6. Nxd4 exd4 7. Bxd7+ Qxd7
8. Qxd4 c5 9. Qd1 Nf6 10. Re1 Be7 11. Nc3 h6 12. e5 dxe5 13. Qxd7+ Kxd7 14. Be3
Ng4 15. Rad1+ Ke6 16. Ne4 Nxe3 17. Rxe3 f5 18. Nc3 Bg5 19. Red3 f4 20. Ne4 Kf5
21. Nxc5 b6 22. Na6 Rac8 23. c3 h5 24. h3 Rc6 25. Rd7 Rcc8 26. Rxa7 g6 27. f3 e4
28. Rd5+ Kf6 29. fxe4 Rc4 30. e5+ Ke6 31. Rb5 Re4 32. Rb7 Rxe5 33. R7xb6+ Kf5
34. Rxe5+ Kxe5 35. Nc7 Bd8 36. Rb5+ Ke4 37. Ne6 Bf6 38. Nc5+ Ke3 39. Ne6 g5 40.
a4 g4 41. Rf5 Bh4 42. Re5+ Kd2 43. Nxf4 gxh3 44. Nxh3 Kc2 45. Nf4 Bg3 46. Re2+
Kb3 47. Nd5 Kxa4 48. Re3 Bd6 49. Re4+ Kb3 50. Re2 Bc5+ 51. Kh2 Bd6+ 52. g3 h4
53. Nf4 Ka2 54. b4+ Kb3 55. Rd2 Be5 56. Kg2 Kxc3 57. Rd5 Bxf4 58. gxf4 Kxb4 59.
Kh3 Kc4 60. Rg5 Kd4 61. Rg4 Ke3 62. Rxh4 Rf8 63. f5 Rxf5 64. Ra4 Rh5+ 65. Kg4
Rh8 66. Ra3+ Ke4 67. Ra4+ Ke3 68. Kg3 Rg8+ 69. Kh3 Kf3 0-1

[Event "AUTO-INT-3702"]
[Site "http://www.queenalice.com/game.php?id=1769918"]
[Date "2021.9.15"]
[Round "1"]
[White "juliobragatecbr"]
[Black "Chaorchess"]
[Result "1/2-1/2"]
[WhiteElo "1891"]
[BlackElo "1598"]

1. e4 e5 2. Nf3 Nf6 3. Nxe5 d6 4. Nf3 Nxe4 5. Qe2 Qe7 6. d3 Nf6 7. Qxe7+ Bxe7 8.
Be2 O-O 9. O-O Nc6 10. a3 Re8 11. Nc3 Bf8 12. Re1 d5 13. Bf4 Bd6 14. Bxd6 cxd6
15. Nb5 Rf8 16. Nxd6 Bd7 17. Nxb7 Rab8 18. Nc5 Rxb2 19. Nxd7 Nxd7 20. c4 dxc4
21. dxc4 Re8 22. Bd3 Rxe1+ 23. Rxe1 Nf6 24. g4 h6 25. h4 g6 26. Ne5 Nxe5 27.
Rxe5 Nxg4 28. Ra5 Nxf2 29. Bf1 Ne4 30. c5 Rc2 31. Rxa7 Rxc5 32. a4 g5 33. hxg5
hxg5 34. a5 Nd6 35. a6 Kg7 36. Rd7 Nc8 37. Bg2 Nb6 38. Rb7 Rb5 39. a7 Ra5 40.
Rxb6 Rxa7 41. Kh2 Ra2 42. Kg3 f5 43. Bd5 f4+ 44. Kg4 Ra5 45. Kxg5 Rxd5+ 46. Kxf4
Rd7 47. Kg5 Rd5+ 48. Kf4 Rd7 49. Kg5 Rd5+ 50. Kf4 1/2-1/2

[Event "AUTO-INT-3702"]
[Site "http://www.queenalice.com/game.php?id=1769919"]
[Date "2021.9.15"]
[Round "1"]
[White "Chaorchess"]
[Black "juliobragatecbr"]
[Result "0-1"]
[WhiteElo "1581"]
[BlackElo "1756"]

1. e4 e5 2. Nf3 d6 3. d4 exd4 4. Nxd4 Nc6 5. Nxc6 bxc6 6. Bc4 Be6 7. Bxe6 fxe6
8. O-O Nf6 9. Re1 Be7 10. Nc3 O-O 11. Bg5 h6 12. Be3 Nd7 13. Qe2 Bg5 14. Bxg5
Qxg5 15. Rad1 Ne5 16. Kh1 Rf7 17. Nb1 Raf8 18. Nd2 Rxf2 0-1

[Event "AUTO-INT-3702"]
[Site "http://www.queenalice.com/game.php?id=1769926"]
[Date "2021.9.15"]
[Round "1"]
[White "Chaorchess"]
[Black "luiz_gustavo"]
[Result "0-1"]
[WhiteElo "1644"]
[BlackElo "1661"]

1. d4 d5 2. Nf3 Nf6 3. e3 Nc6 4. Bb5 Bd7 5. O-O e6 6. Re1 a6 7. Bd3 Bd6 8. Nc3
O-O 9. a4 Re8 10. e4 dxe4 11. Nxe4 h6 12. Nxd6 cxd6 13. c3 Rc8 14. Bf4 d5 15.
Ne5 Nxe5 16. dxe5 Nh7 17. Qc2 b5 18. b4 Nf8 19. axb5 Bxb5 20. Bxb5 axb5 21. Rad1
Qe7 22. Rc1 Rc4 23. Bg3 Rec8 24. Qd2 Qg5 25. Qxg5 hxg5 26. h3 Rxc3 27. Rxc3 Rxc3
28. h4 gxh4 29. Bf4 Rc4 30. Bd2 Ng6 31. g3 Rg4 32. Ra1 Nxe5 33. Kg2 hxg3 34.
fxg3 Rc4 35. Ra8+ Kh7 36. Bf4 Nc6 37. Rf8 f6 38. Bd6 Nxb4 39. Rb8 Na6 40. Rxb5
Nc7 41. Bxc7 Rxc7 42. Rb6 e5 43. Rb1 d4 44. Kf3 Kg6 45. g4 Kg5 46. Rg1 Rc3+ 47.
Ke2 e4 48. Rd1 d3+ 49. Ke3 g6 50. Kxe4 f5+ 51. gxf5 gxf5+ 52. Kd4 Ra3 53. Rxd3
Rxd3+ 54. Kxd3 Kg4 55. Ke2 Kg3 56. Kf1 f4 57. Kg1 f3 58. Kf1 f2 0-1

[Event "AUTO-INT-3702"]
[Site "http://www.queenalice.com/game.php?id=1769927"]
[Date "2021.9.15"]
[Round "1"]
[White "luiz_gustavo"]
[Black "Chaorchess"]
[Result "0-1"]
[WhiteElo "1676"]
[BlackElo "1597"]

1. e4 e5 2. Nf3 Nf6 3. Nc3 Nc6 4. Bb5 a6 5. Ba4 Be7 6. d3 O-O 7. Bg5 d5 8. h3
dxe4 9. dxe4 Qxd1+ 10. Rxd1 h6 11. Bh4 Re8 12. Nxe5 Bd6 13. Bxf6 Bxe5 14. Bxe5
Rxe5 15. Bxc6 bxc6 16. O-O Bb7 17. Rfe1 c5 18. Rd7 Rc8 19. Nd5 Bxd5 20. Rxd5
Rce8 21. Rxe5 Rxe5 22. f4 Re8 23. e5 Kf8 24. Rd1 Ke7 25. g4 Rb8 26. b3 f6 27.
exf6+ Kxf6 28. Kg2 Ra8 29. Kg3 a5 30. c3 g5 31. f5 a4 32. Rd7 axb3 33. axb3 Ra3
34. Rxc7 Rxb3 35. Rxc5 Rb1 36. Rc6+ Kg7 37. Re6 Rc1 38. Re3 Kf6 39. Kf3 Rf1+ 40.
Ke4 Rh1 41. Kd4 Rd1+ 42. Kc4 Rd8 43. Re6+ Kg7 44. Kb5 Rb8+ 45. Rb6 Rh8 46. c4 h5
47. Re6 hxg4 48. hxg4 Rh4 49. Rg6+ Kf7 50. Rxg5 Rh1 51. Rg6 Rb1+ 52. Kc5 Rc1 53.
Rd6 Rg1 54. Rg6 Ra1 55. Kd5 Rd1+ 56. Kc6 Rc1 57. c5 Rc2 58. Rh6 Rg2 0-1

[Event "AUTO-OPEN-4309"]
[Site "http://www.queenalice.com/game.php?id=1769966"]
[Date "2021.9.16"]
[Round "1"]
[White "BobFicha"]
[Black "Chaorchess"]
[Result "1-0"]
[WhiteElo "1760"]
[BlackElo "1622"]

1. e4 e5 2. Nf3 Nf6 3. Nxe5 d6 4. Nf3 Nxe4 5. d3 Nf6 6. Qe2+ Be7 7. b3 O-O 8.
Qd2 d5 9. Bb2 Nc6 10. Bxf6 Bxf6 11. d4 Re8+ 12. Be2 Bg4 13. Nc3 Bxf3 14. gxf3
Nxd4 15. O-O-O Qd6 16. Rde1 h6 17. Reg1 Bg5 18. Rxg5 hxg5 19. Qxd4 Qf4+ 20. Qxf4
gxf4 21. Bd3 d4 22. Nb5 Rec8 23. Nxd4 g6 24. h4 Rd8 25. Ne2 Kg7 26. Nxf4 Rh8 27.
Ng2 Rh6 28. f4 f5 29. Re1 Kf7 30. Bc4+ Kf8 31. Re6 c6 32. Rf6+ Ke8 33. Rf7 Rb8
34. Rg7 Kd8 35. Rg8+ Kc7 36. Rxb8 Kxb8 37. a4 Rh8 38. Bf7 Rh6 39. Kb2 Kc7 40. c4
a6 41. Kc3 b6 42. b4 Kd6 43. Be8 Kc7 44. Kd4 c5+ 45. bxc5 bxc5+ 46. Kxc5 Kb8 47.
Kb4 Kc7 48. Ka5 Kd8 49. Bf7 Ke7 50. Bd5 Kd8 51. Kxa6 g5+ 52. Kb5 gxf4 53. f3 Ke7
54. a5 Rh8 55. Nxf4 Kf6 56. h5 1-0

[Event "AUTO-OPEN-4309"]
[Site "http://www.queenalice.com/game.php?id=1769967"]
[Date "2021.9.16"]
[Round "1"]
[White "Chaorchess"]
[Black "BobFicha"]
[Result "0-1"]
[WhiteElo "1608"]
[BlackElo "1770"]

1. e4 e5 2. Nf3 Nc6 3. Bb5 a6 4. Ba4 b5 5. Bb3 h6 6. h3 Bb7 7. d4 exd4 8. Nxd4
Nxd4 9. Qxd4 Qe7 10. O-O c5 11. Qd3 c4 12. Bxc4 bxc4 13. Qxc4 Bxe4 14. Re1 Nf6
15. Nc3 Qc5 16. Qxc5 Bxc5 17. Nxe4 Nxe4 18. Rxe4+ Kd8 19. a4 f5 20. Re5 Bd6 21.
Rxf5 Re8 22. Bf4 Be7 23. Rd1 Bf6 24. Rfd5 Ra7 25. Bb8 Rb7 26. Bg3 Bxb2 27. Bf4
Re6 28. Be3 Be5 29. g3 Bxg3 30. fxg3 Rxe3 31. Kg2 Re2+ 32. Kf3 Rxc2 33. Rd6 Rb3+
34. Kg4 Rc4+ 35. R1d4 Rxd4+ 36. Rxd4 Ra3 37. h4 g6 38. h5 gxh5+ 39. Kxh5 Rxg3
40. Kxh6 Ra3 41. Kg7 Ke7 42. Kg6 Ke6 43. Rd1 Rxa4 44. Kg5 d5 45. Re1+ Kd6 46.
Kf5 a5 47. Re6+ Kc5 48. Re8 d4 49. Ke4 Rc4 50. Re5+ Kb4 51. Re8 Kc3 52. Ra8 d3+
53. Ke3 a4 54. Ra7 Kc2 55. Rd7 Rc3 0-1

[Event "AUTO-OPEN-4309"]
[Site "http://www.queenalice.com/game.php?id=1770012"]
[Date "2021.9.16"]
[Round "1"]
[White "MMA34"]
[Black "Chaorchess"]
[Result "1-0"]
[WhiteElo "1808"]
[BlackElo "1544"]

1. e4 e5 2. Nf3 Nc6 3. Bc4 Bc5 4. d3 Nf6 5. O-O O-O 6. h3 Na5 7. Bb3 Nxb3 8.
axb3 Re8 9. Nc3 d5 10. exd5 Nxd5 11. Re1 Nxc3 12. bxc3 h6 13. b4 Bd6 14. Bb2 Bf5
15. c4 c5 16. b5 b6 17. Nxe5 f6 18. Nc6 Qd7 19. Qh5 Rxe1+ 20. Rxe1 a6 21. Qf3
axb5 22. Ne7+ Bxe7 23. Rxe7 Qc8 24. Bxf6 gxf6 25. Qg3+ Bg4 26. hxg4 bxc4 27.
dxc4 Ra1+ 28. Kh2 Qd8 29. Qe3 Qd1 30. Re8+ 1-0

[Event "AUTO-OPEN-4309"]
[Site "http://www.queenalice.com/game.php?id=1770013"]
[Date "2021.9.16"]
[Round "1"]
[White "Chaorchess"]
[Black "MMA34"]
[Result "1-0"]
[WhiteElo "1518"]
[BlackElo "1863"]

1. e4 e5 2. Nf3 Nc6 3. Bb5 Nd4 4. Nxd4 exd4 5. O-O a6 6. Bc4 d6 7. c3 b5 8. Bd5
Rb8 9. d3 Nf6 10. Bb3 dxc3 11. Nxc3 Be7 12. h3 Bb7 13. Bg5 h6 14. Bf4 O-O 15. d4
c5 16. dxc5 b4 17. Nd5 Nxd5 18. exd5 dxc5 19. Bxb8 Qxb8 20. Re1 Bd6 21. Qe2 Qc7
22. Kh1 Bc8 23. Rac1 a5 24. Bc2 Bd7 25. Qd3 g6 26. b3 Bf5 27. Qe2 Bd7 28. Rcd1
Re8 29. Qd2 Bf4 30. Qd3 Bg5 31. Rxe8+ Bxe8 32. d6 Qd7 33. Qd5 Bd8 34. Qxc5 Kg7
35. Qe5+ Kh7 36. Re1 1-0

[Event "Challenge"]
[Site "http://www.queenalice.com/game.php?id=1775079"]
[Date "2021.11.17"]
[Round "-"]
[White "RAFAELI"]
[Black "Chaorchess"]
[Result "1-0"]
[WhiteElo "1695"]
[BlackElo "1611"]

1. e4 e5 2. Qh5 Nf6 3. Qxe5+ Be7 4. d3 Nc6 5. Qg3 O-O 6. Be2 d5 7. Bh6 Nh5 8.
Bxh5 Bf6 9. Nc3 Qd6 10. f4 dxe4 11. Nxe4 Qe7 12. O-O-O Re8 13. Re1 1-0